ARRUPE JESUIT UNIVERSITY

CORONAVIRUS -STOP THE SPREAD - CLEAN,DISINFECT,COVER

Religion and philosophy (Record no. 125887)

MARC details
000 -LEADER
fixed length control field 00451nam a22001457a 4500
008 - FIXED-LENGTH DATA ELEMENTS--GENERAL INFORMATION
fixed length control field 161213b xxu||||| |||| 00| 0 eng d
050 ## - LIBRARY OF CONGRESS CALL NUMBER
Classification number BL51.C6
100 ## - MAIN ENTRY--PERSONAL NAME
Personal name Collingwood, Robin George
9 (RLIN) 28001
245 ## - TITLE STATEMENT
Title Religion and philosophy
Statement of responsibility, etc Robin George Collingwood
260 ## - PUBLICATION, DISTRIBUTION, ETC. (IMPRINT)
Place of publication, distribution, etc Milton Keynes
Name of publisher, distributor, etc Lightning Source
300 ## - PHYSICAL DESCRIPTION
Extent 69p. ;
Dimensions 25cm.
500 ## - GENERAL NOTE
General note Published originally in 1916
650 ## - SUBJECT ADDED ENTRY--TOPICAL TERM
Topical term or geographic name as entry element Philosophy and religion
9 (RLIN) 28002
942 ## - ADDED ENTRY ELEMENTS (KOHA)
Source of classification or shelving scheme Library of Congress Classification
Item type Monograph ( Printed materials)
Holdings
Withdrawn status Lost status Source of classification or shelving scheme Damaged status Not for loan Collection code Home library Current library Shelving location Date acquired Total Checkouts Full call number Barcode Date last seen Price effective from Koha item type
    Library of Congress Classification     Main Collection ARRUPE LIBRARY ARRUPE LIBRARY Main Collection 13/12/2016   BL51.C6 46500021131 13/12/2016 13/12/2016 Monograph ( Printed materials)

 

Arrupe Library. PO Box MP320 Mt Pleasant, Harare, Zimbabwe
263 242 745411|librarian@aju.ac.zw